| 000 | 00801aam a2200313a 44500 | ||
|---|---|---|---|
| 008 | 930106s1982 cat | ||
| 017 | _aB-21876-1982 | ||
| 041 | _acat | ||
| 080 | _a677(038) | ||
| 110 |
_aÒmnium Cultural _965796 |
||
| 245 | _aBreu vocabulari tèxtil: Seguit d'un formulari d'impresos | ||
| 245 | _cÒmnium Cultural. | ||
| 250 | _a2a ed. rev. i corr | ||
| 260 | _aMataró | ||
| 260 | _bÒmnium Cultural. Delegació Comarcal | ||
| 260 | _c1982 | ||
| 300 |
_a26 p. _c22 cm |
||
| 520 | _aaprox. 1.300 | ||
| 591 | _a273 | ||
| 592 | _aObra terminològica | ||
| 593 | _aIS | ||
| 594 | _a273 | ||
| 650 |
_aindústria tèxtil _961223 |
||
| 901 | _c<1982> | ||
| 902 | _a930106 | ||
| 942 |
_cMO _n0 |
||
| 999 |
_c54784 _d54784 |
||